G-vel kezdődő országok zászlói - Statistics

General Stats
  • This quiz has been taken 25 times
  • The average score is 7 of 9
Answer Stats
Picture Answer % Correct
Görögország
96%
Grúzia
88%
Ghána
83%
Gabon
79%
Guatemala
75%
Gambia
71%
Guinea
67%
Grenada
58%
Guyana
54%
No matching quizzes found
Score Distribution
Percent of People with Each Score
Percentile by Number Answered
Your Score History
You have not taken this quiz